000 00317nam a22001337a 4500
008 181102b xxu||||| |||| 00| 0 eng d
020 _a0879831995
041 _aeng
080 _a610
100 _a4
101 _aSHM
245 _aA Physician's Handbook on Orthomolecular Medicine
_cWilliams,R.J
942 _2udc
_cBK
999 _c51623
_d51623